Nothing can separate us. (Record no. 5713)

000 -LEADER
fixed length control field 00656nam a2200205 a 4500
001 - CONTROL NUMBER
control field :::00003455$&:&@@
003 - CONTROL NUMBER IDENTIFIER
control field OkBaRHE
005 - DATE AND TIME OF LATEST TRANSACTION
control field 20000607103305.0
008 - FIXED-LENGTH DATA ELEMENTS--GENERAL INFORMATION
fixed length control field s1986 j 000 0 eng u
020 ## - INTERNATIONAL STANDARD BOOK NUMBER
International Standard Book Number 0805422633 (pbk.)
040 ## - CATALOGING SOURCE
Transcribing agency
100 1# - MAIN ENTRY--PERSONAL NAME
Personal name Bess, C. W., 1942-
245 10 - TITLE STATEMENT
Title Nothing can separate us.
260 ## - PUBLICATION, DISTRIBUTION, ETC. (IMPRINT)
Place of publication, distribution, etc Nashville, TN., :
Name of publisher, distributor, etc Broadman Press
Date of publication, distribution, etc c1986
300 ## - PHYSICAL DESCRIPTION
Extent 144 p. ;
Dimensions 20 cm.
650 ## - SUBJECT ADDED ENTRY--TOPICAL TERM
Topical term or geographic name as entry element Bible New Testament Romans 8:35-39
General subdivision Criticism, Interpretation, etc.
650 ## - SUBJECT ADDED ENTRY--TOPICAL TERM
Topical term or geographic name as entry element Christian Life
General subdivision 1960-
942 ## - ADDED ENTRY ELEMENTS (KOHA)
Source of classification or shelving scheme
Koha item type Books
Copies
Price effective from Source of classification or shelving scheme Withdrawn status Date last seen Shelving location Date acquired Lost status Full call number Copy number Barcode Koha item type Damaged status Permanent Location Not for loan
2010-04-14  2018-03-28General Stacks2010-04-14 BS 2665.2 .B4713455Books RHEMA Bible Training College